| 000 -CABECERA |
| fixed length control field |
00941nam a22002057a 4500 |
| 003 - IDENTIFICADOR DEL NÚMERO DE CONTROL |
| control field |
AR-CdUCM |
| 008 - DATOS DE LONGITUD FIJA--INFORMACIÓN GENERAL |
| fixed length control field |
190305b ||||| |||| 00| 0 spa d |
| 040 ## - FUENTE DE LA CATALOGACIÓN |
| Agencia/entidad que catalogó originalmente la obra |
MUNICIPALIDAD PROVINCIAL DEL CUSCO |
| Entidad que transcribió la catalogación |
BIBLIOTECA MUNICIPAL DEL CUSCO |
| 082 ## - NÚMERO DE LA CLASIFICACIÓN DECIMAL DEWEY |
| No. de Clasificación |
985.019 / |
| Notacion interna |
R36 |
| 100 ## - ENTRADA PRINCIPAL--NOMBRE DE PERSONA |
| Nombre Personal |
Hermida Reinoso, Gustavo |
| 245 ## - MENCIÓN DE TÍTULO |
| Título |
Cañaris e Incas: |
| Resto del título |
Historia y Cultura / |
| 260 ## - PUBLICACIÓN, DISTRIBUCIÓN, ETC. |
| Lugar de publicación, distribución, etc. |
Ecuador : |
| Nombre de la editorial, distribuidor, etc. |
Gráficas Hernández , |
| Fecha de publicación, distribución, etc. |
2006. |
| 300 ## - DESCRIPCIÓN FÍSICA |
| Nº de Páginas Extensión |
368 páginas ; |
| Dimensiones |
22.2 cm. |
| 505 ## - NOTA DE CONTENIDO CON FORMATO |
| Nota de contenido formateada |
Contenido: La Organizacion Social y Economica del Incario -- Pilares de consolidacion del Tahuantinsuyo -- Formas de Propiedad -- Fuentes Alimenticias -- Presencia del Incario en Territorio Cañari -- El Complejo Arqueologico del Castillo Incásico de Ingapirca -- Ruinas Arqueológicas del Tambo real Incásico de Molleturo... |
| 650 ## - PUNTO DE ACCESO ADICIONAL DE MATERIA--TÉRMINO DE MATERIA |
| Descriptor |
Tahuantinsuyo |
| 9 (RLIN) |
9815 |
| 650 ## - PUNTO DE ACCESO ADICIONAL DE MATERIA--TÉRMINO DE MATERIA |
| Descriptor |
Inca |
| 9 (RLIN) |
421 |
| 650 ## - PUNTO DE ACCESO ADICIONAL DE MATERIA--TÉRMINO DE MATERIA |
| Descriptor |
Historia Aborigen Inca |
| 9 (RLIN) |
9816 |
| 942 ## - ELEMENTOS DE PUNTO DE ACCESO ADICIONAL (KOHA) |
| Fuente de clasificación |
|
| Tipo de item |
Libros-BMC |
| 945 ## - PROCESAMIENTO DE INFORMACIÓN LOCAL (OCLC) |
| Catalogador |
rtm |